00269nam a2200121Ia 4500008004100000041001200041082001600053100001700069245002800086260001600114300000800130650000900138231217s9999 xx 000 0 und d aEnglish a793.73 BAR aBarton, John 4aThe practical quiz book c1996bJaico a128 aQuiz